| 000 | 01278nam a22002537a 4500 | ||
|---|---|---|---|
| 001 | 14480 | ||
| 003 | BD-JhCC | ||
| 005 | 20251209112912.0 | ||
| 008 | 251209b |||||||| |||| 00| 0 eng d | ||
| 035 | _a(BD-JhCC) 14480 | ||
| 040 |
_aBD-JhCC _dBD-JhCC |
||
| 041 | _aবাংলা | ||
| 082 |
_223 _a297.092 _bAKR 2021 |
||
| 100 | _aআকরাম আলী খান,এ আই | ||
| 245 |
_aইতিহাসের মহাবীর: _bখালিদ বিন ওয়ালিদ রাযিয়াল্লাহু আনহু / _cমেজর জেনারেল এ আই আকরাম আলী খান, অনুবাদঃ নাজমুল হুদা শিবলী |
||
| 260 |
_aঢাকাঃ _bআল ইখলাছ পাবলিকেশন, _c২০২১ |
||
| 300 |
_a৩২০ পৃ.; _c২২ সেমি. _eপেপার বাইণ্ডিং |
||
| 505 | _a১ম ও ২য় খণ্ড | ||
| 650 | _aখালিদ বিন ওয়ালিদ (রাঃ | ||
| 650 | _aইসলামি ব্যক্তিত্বের জীবনী | ||
| 650 | _aমুসলিম সমরনায়ক | ||
| 700 |
_aশিবলী,নাজমুল হুদা _q[অনুবাদক] |
||
| 942 |
_2ddc _cBK |
||
| 999 |
_c14480 _d14480 |
||